000
00286nam a22001097a 4500
008
170119b xxu||||| |||| 00| 0 eng d
020
_a
9781584803003
041
_a
eng
080
_a
618.2
245
_a
FIRST AID/CPR/AED FOR SCHOOLS AND THE COMMUNITY
_c
AMERICAN RED CROSS
942
_2
udc
_c
BK
999
_c
3180
_d
3180